00313nam a2200097Ia 4500008004000000082001600040100004000056245005200096260005900148300000800207210210b2000 xxu||||| |||| 00| 0 eng d a378.16 ASSM aASSOCIATION OF INDIAN UNIVERSITIES. aMonograph on question banking for universities. aNew Delhi.bAssociation of Indian Universities.,c2000 a107